000 00963nam a22003137a 4500
001 BR0704751
003 BR-BrBNA
005 20230928102533.0
007 ta
008 230509b bl.||||| |||| 00| 0 por d
040 _aBR-BrBNA
_bpor
_cBiblioteca Nacional de Agricultura
041 _a(Por)
072 _aL01
_b5219
090 _ 5219 BR0704751
100 1 _aCosta, A. das G.
100 1 _aFranco, J.R.J.
100 1 _aPereira, P.L.J.
100 1 _aReis, R.
110 1 _aUniversidade Federal de Goiás, Goiânia (Brasil). Escola de Agronomia e Veterinária
_910790
245 1 _aBúfalo; produção de carne, leite, manteiga e trabalho para o fomento da pecuária brasileira
260 3 _aGoiânia, GO (Brasil):
_c1971.
300 _a29 p.
500 _a13 ref.; Documento microfilmado e tratado BR6002374
650 _aBUFALO
650 _aCRIAÇÃO
650 _aPRODUÇÃO ANIMAL
909 _a202309
_bLucia
_c55
_dLucia Elande
942 _cBK
999 _c71272
_d71272